Arrested Development Characters Quiz Stats

Quiz Updated Mar 8, 2012

Challenge
Share
Tweet
Score 0/40 Timer 06:00
1 Play Today
Number Character % Correct
3Michael Bluth
96.8%
4G.O.B. Bluth
95.6%
1George Bluth
94.1%
8George Michael Bluth
93.8%
7Tobias Fünke
91.5%
6Byron 'Buster' Bluth
90.4%
2Lucille Bluth
84.5%
9Mae 'Maeby' Fünke
82.6%
5Lindsay Fünke
80.2%
15Steve Holt
77.5%
17Ann Veal
76.8%
16Lucille Austero
74.4%
12Oscar Bluth
71.8%
14Kitty Sanchez
64.3%
10Hel-loh 'Annyong' Bluth
60%
27Bob Loblaw
56.6%
23Carl Weathers
54.9%
11Franklin Delano Bluth
54.3%
18Marta Estrella
54%
13Barry Zuckerkorn
52.2%
Number Character % Correct
24Tony Wonder
48.5%
20Rita Leeds
45.8%
38White Power Bill
40.7%
22Stan Sitwell
40%
21Maggie Lizer
38.8%
26ICE
37.5%
33Sally Sitwell
35.7%
25Wife of G.O.B.
35.5%
31Lupe
35.3%
35Gene Parmesan
35.1%
19Larry Mittleman
34.2%
29Mr. Bananagrabber
31.2%
32Starla
21%
30J. Walter Weatherman
20%
37Uncle Trevor
18.2%
28Wayne Jarvis
17.2%
36Stefan Gentles
12.8%
40Cindi Lightballoon
12.4%
34Phillip Litt
8.8%
39John Beard
6.1%

You're not logged in!

Compare scores with friends on all Sporcle quizzes.
Sign Up with Email
OR
Log In

You Might Also Like...

Show Comments

Extras

Top Quizzes Today


Score Distribution

Your Account Isn't Verified!

In order to create a playlist on Sporcle, you need to verify the email address you used during registration. Go to your Sporcle Settings to finish the process.